000 nam a22 4500
999 _c20974
_d20974
008 170120b xxu||||| |||| 00| 0 eng d
020 _a0968712207
020 _a9780968712207
050 _aHQ1064 .G85 2004
100 _aHealth Canada,
245 _aA guide to end-of-life care for seniors /
_cCanada. Health Canada, University of Toronto. Interdepartmental Division of Geriatrics.
260 _aToronto :
_bUniversity of Toronto, Interdepartmental Division of Geriatrics,
_c©2000
300 _a189 p. ;
_c28 cm
650 _aOlder people
_xHospice care
_yCanada
_zHandbooks, manuals, etc.
700 _aUniversity of Toronto. Interdepartmental Division of Geriatrics.
942 _2lcc
_cBOOKS
_hHQ1064 .G85 2004